00771nam a22002177a 450000500170000001000260001702000270004303500140007003500140008403700090009808200120010710000210011924501360014026001020027627000440037830000220042250000510044470000220049570000190051770000170053620240529120110.0 aENG-138879 ENG-140532 a9788181715272c2500.00 aEN-122411 aEN-124064 bDBAD a591.954 aChandra, Kailash aFaunal Diversity of Biogeographic Zones: Indian Trans-Himalaya/cKailash Chandra, Avtar Kaur Sidhu, C. Raghunathan and T. Kubendran c2019bPublished at the Publication Division by the Director, Zoological Survey of India,aKolkata aM-Block, New Alipore, bKolkatae700053 c30cm(hbk)a226p.  aIncludes bibliographical references and index  aAvtar Kaur Sindhu aC. Raghunathan aT. Kubendran